000 00252nam a22001097a 4500
999 _c167072
_d167072
082 _a
_b
100 _aPrabhakar Machwe
245 _aMaithileesaran Gupta/
_cby Prabhakar Machwe.
260 _aNew Delhi:
_bRajpal,
_c1993.
650 _a
942 _cBK